Novell's BorderManager administrator's handbook / (Record no. 7058)
[ view plain ]
| 000 -LEADER | |
|---|---|
| fixed length control field | 00642cam a22001574a 4500 |
| 020 ## - INTERNATIONAL STANDARD BOOK NUMBER | |
| ISBN | 0764545655 (alk. paper) |
| 050 00 - CALL NUMBER | |
| Classification number | TK5105.59 |
| Item number | .P36 |
| 100 1# - AUTHOR | |
| Personal name | Pan, Laura Y., |
| 245 10 - TITLE | |
| Title | Novell's BorderManager administrator's handbook / |
| Statement of responsibility, etc | Laura Y. Pan. |
| 260 ## - PUBLICATION INFORMATION | |
| Place of publication | San Jose : |
| Name of publisher | Novell Press, |
| Year of publication | c1999. |
| 300 ## - DESCRIPTION | |
| Number of Pages | xx, 314 p. : |
| Other physical details | ill. ; |
| Dimensions | 23 cm. |
| 500 ## - NOTES | |
| General note | Includes index |
| 505 ## - FORMATTED CONTENTS NOTE | |
| Table of Content | Ch. 1. Installing BorderManager Services --<br/>Ch. 2. Configuring BorderManager Services --<br/>Ch. 3. Administering BorderManager --<br/>Ch. 4. Troubleshooting BorderManager -- |
| 650 #0 - SUBJECTS | |
| Topical Term | Computer networks |
| General subdivision | Security measures |
| -- | Computer programs. |
| 942 ## - ADDED ENTRY ELEMENTS (KOHA) | |
| Koha item type | Books |
| Withdrawn status | Lost status | Collection code | Home library | Current library | Shelving location | Date acquired | Full call number | Accession Number | Koha item type |
|---|---|---|---|---|---|---|---|---|---|
| Reference | Methodist University Library Main | Methodist University Library Main | General Stacks | TK5105.59 .P36 | 36965 | Books |